Biblioteca

Los mormones (Registro nro. 65873)

Detalles MARC
000 -LÍDER
Campo fijo de descripción fija 01823nam a2200313 i 4500
001 - NÚMERO DE CONTROL
Campo de control 768714001
003 - IDENTIFICADOR DEL NÚMERO DE CONTROL
Campo de control CO-MdFUSB
005 - FECHA Y HORA DE LA ULTIMA TRANSACCIÓN
control field 20231123165116.0
007 - CAMPO FIJO DE DESCRIPCIÓN FIJA--INFORMACIÓN GENERAL
Campo fijo de descripción fija ta
008 - ELEMENTOS DE LONGITUD FIJA -- INFORMACIÓN GENERAL
Campo fijo de descripción fija -- Información general 200513t1982 ec |||| |||| 00| 0 spa d
020 ## - NÚMERO INTERNACIONAL NORMALIZADO PARA LIBROS
Número Internacional Normalizado del libro [No incluye ISBN]
040 ## - FUENTE DE CATALOGACIÓN
Agencia de catalogación original CO-MdFUSB
Idioma de catalogación spa
Agencia que realiza la transcripción CO-MdFUSB
Agencia que realiza la modificación CO-MdFUSBC
Convenciones de la descripción rda
041 ## - CÓDIGO DE IDIOMA
Código de idioma para texto/pista de sonido o título separado spa
082 ## - NÚMERO DE CLASIFICACIÓN DECIMAL DEWEY
Número de la edición del Dewey 23
Número de clasificación 230.93
Clave de autor-Numero de item T628
100 ## - ASIENTO PRINCIPAL--NOMBRE PERSONAL
Nombre personal Tobar García, Julio
Término relacionador autor
245 14 - TÍTULO
Título del Material Los mormones
Parte restante del título - Subtitulo : su historia el libro mormón sus doctrinas
Mención de responsabilidad, etc. / Julio Tobar Garcia , Gabriel Díaz Cueva
264 #1 - PRODUCCIÓN, PUBLICACIÓN, DISTRIBUCIÓN, MANUFACTURA, Y COPYRIGHT
Lugar de producción, publicación, distribución, manufactura Quito, Ecuador
Nombre del productor, publicador, distribuidor Imprimi Potest,
Fecha de producción, publicación, distribución, manufactura, o copyright [1982]
264 ## - PRODUCCIÓN, PUBLICACIÓN, DISTRIBUCIÓN, MANUFACTURA, Y COPYRIGHT
Fecha de producción, publicación, distribución, manufactura, o copyright © 1982
300 ## - DESCRIPCIÓN FÍSICA
Dimensiones 54 páginas ;
Extensión 21 cm
336 ## - TIPO DE CONTENIDO
Fuente rdacontent
Término de tipo de contenido texto
Código de tipo de contenido txt
337 ## - TIPO DE MEDIO
Fuente rdamedia
Nombre del tipo de medio sin mediación
Código del tipo de medio n
338 ## - TIPO DE SOPORTE
Fuente rdacarrier
Nombre del tipo de soporte volumen
Código Tipo de soporte nc
505 ## - NOTA DE CONTENIDO
Nota de contenido con formato preestablecido Historia: La confusión de las sectas - El analfabeto - La lengua de Egipto - Se funda una nueva iglesia - Peleas y dimensiones - Catástrofe en un cárcel - Un nuevo Moisés y un nuevo éxodo - La figura del organizador -- El libro de Mormón: ¿Invención o plagio? - José Smith y el profesor universitario - El libro de Mormón y la Biblia - Jesús en América - Anacronismos bíblicos - Las epístolas de Pedro y Pablo en América - Omisiones inexplicables - Sigue el Nuevo Testamento - El "egipcio reformado" - El Urim y Tummim - Otros anacronismos - El problema de los nombres - Los cambios en el "Libro inspirado" -- Las Doctrinas: Otros libros inspirados - El concepto de Dios - La poligamia - Doctrina sobre Jesucristo - La iglesia - El bautismo por los muertos - Bautismo y genealogías - Escatología - Nueva Biblia, "traducción inspirada" -- Conclusión -- Orientaciones pastorales -- Bibliografía
563 ## - NOTA DE ENCUADERNACIÓN
Nota de encuadernación Rústico
650 #7 - ASIENTO SECUNDARIO DE MATERIA - TERMINO TEMÁTICO
9 (RLIN) 1217
Término temático o nombre geográfico como elemento de entrada Mormonismo
700 ## - ASIENTO SECUNDARIO - NOMBRE PERSONAL
9 (RLIN) 3670
Nombre personal Díaz Cueva, Gabriel
Responsabilidad autor
942 ## - TIPO DE MATERIAL (KOHA)
Tipo de Item KOHA Libros General
945 ## - INFORMACIÓN LOCAL DEL REGISTRO
Catalogador Dani
Existencias
Estado de Material Estado de Perdido Forma de Clasificación Estado de Dañado No para Préstamo Colección Biblioteca de Origen Biblioteca Permanente Fecha de Adquisición Área Total de Préstamos Signatura Topográfica Código de Barras Última vez visto Última vez Préstado Ejemplar/Existencia Fecha de Remplazo Tipo de Material
    Dewey Decimal Classification     Colección General Biblioteca FUSBC Biblioteca FUSBC 13/05/2020 RELIGIÓN - RELIGIONES 1 G 230.93 T628m 9620 31/10/2023 25/10/2023 Ej.1 13/05/2020 Libros General

Biblioteca FUSBC | Teléfono: (57+4) 349 88 10 Ext. 141| WhatsApp (+57) 3005338115 
E-mail: biblioteca@unisbc.edu.co | Calle 76 87-14 Robledo Palenque, Medellín, Colombia

Con tecnología Koha